System Simulation With Digital Computer (Record no. 5320)

MARC details
000 -LEADER
fixed length control field 00390nam a22001697a 4500
005 - DATE AND TIME OF LATEST TRANSACTION
control field 20180131124104.0
008 - FIXED-LENGTH DATA ELEMENTS--GENERAL INFORMATION
fixed length control field 161215b xxu||||| |||| 00| 0 eng d
020 ## - INTERNATIONAL STANDARD BOOK NUMBER
ISBN 9-788120-300286
041 ## - LANGUAGE CODE
Language code of text/sound track or separate title eng
082 ## - DEWEY DECIMAL CLASSIFICATION NUMBER
Classification number 003.3
100 ## - MAIN ENTRY--AUTHOR NAME
Personal name Deo,Narsingh
245 ## - TITLE STATEMENT
Title System Simulation With Digital Computer
260 ## - PUBLICATION, DISTRIBUTION, ETC. (IMPRINT)
Name of publisher PHP
Year of publication 2013
300 ## - PHYSICAL DESCRIPTION
Number of Pages 200
650 ## - SUBJECT ADDED ENTRY--TOPICAL TERM
Topical Term IT
942 ## - ADDED ENTRY ELEMENTS (KOHA)
Koha item type Books
Holdings
Lost status Damaged status Collection code Home library Current library Shelving location Date acquired Source of acquisition Cost, normal purchase price Full call number Accession Number Koha item type
    Reference JRU Library   SHELF-30-B 15/12/2016 Purchase 175.00 21460 21456 Books
    CS/IT JRU Library JRU Library SHELF-52-J 15/12/2016 Purchase 175.00 21460 21457 Books
    CS/IT JRU Library JRU Library SHELF-52-J 15/12/2016 Purchase 175.00 21460 21458 Books
    CS/IT JRU Library JRU Library SHELF-52-J 15/12/2016 Purchase 175.00 21460 21459 Books
    CS/IT JRU Library JRU Library SHELF-50-C 15/12/2016 Purchase 175.00 003.3 21460 Books